LEADER 04175nam 22008055 450 001 996465984503316 005 20200701132304.0 010 $a3-642-27609-1 024 7 $a10.1007/978-3-642-27609-5 035 $a(CKB)3390000000021514 035 $a(SSID)ssj0000609118 035 $a(PQKBManifestationID)11359929 035 $a(PQKBTitleCode)TC0000609118 035 $a(PQKBWorkID)10609032 035 $a(PQKB)11774608 035 $a(DE-He213)978-3-642-27609-5 035 $a(MiAaPQ)EBC3070141 035 $a(PPN)157512185 035 $a(EXLCZ)993390000000021514 100 $a20111216d2012 u| 0 101 0 $aeng 135 $aurnn#008mamaa 181 $ctxt 182 $cc 183 $acr 200 10$aAgents and Data Mining Interaction$b[electronic resource] $e7th International Workshop, ADMI 2011, Taipei, Taiwan, May 2-6, 2011, Revised Selected Papers /$fedited by Longbing Cao, Ana L.C. Bazzan, Andreas L. Symeonidis, Vladimir Gorodetsky, Gerhard Weiss, Philip S. Yu 205 $a1st ed. 2012. 210 1$aBerlin, Heidelberg :$cSpringer Berlin Heidelberg :$cImprint: Springer,$d2012. 215 $a1 online resource (XIII, 361 p.) 225 1 $aLecture Notes in Artificial Intelligence ;$v7103 300 $aBibliographic Level Mode of Issuance: Monograph 311 $a3-642-27608-3 320 $aIncludes bibliographical references and author index. 330 $aThis book constitutes the thoroughly refereed post-workshop proceedings of the 7th International Workshop on Agents and Data Mining Interaction, ADMI 2011, held in Taipei, Taiwan, in May 2011 in conjunction with AAMAS 2011, the 10th International Joint Conference on Autonomous Agents and Multiagent Systems. The 11 revised full papers presented were carefully reviewed and selected from 24 submissions. The papers are organized in topical sections on agents for data mining; data mining for agents; and agent mining applications. 410 0$aLecture Notes in Artificial Intelligence ;$v7103 606 $aArtificial intelligence 606 $aApplication software 606 $aInformation storage and retrieval 606 $aDatabase management 606 $aComputer communication systems 606 $aData mining 606 $aArtificial Intelligence$3https://scigraph.springernature.com/ontologies/product-market-codes/I21000 606 $aInformation Systems Applications (incl. Internet)$3https://scigraph.springernature.com/ontologies/product-market-codes/I18040 606 $aInformation Storage and Retrieval$3https://scigraph.springernature.com/ontologies/product-market-codes/I18032 606 $aDatabase Management$3https://scigraph.springernature.com/ontologies/product-market-codes/I18024 606 $aComputer Communication Networks$3https://scigraph.springernature.com/ontologies/product-market-codes/I13022 606 $aData Mining and Knowledge Discovery$3https://scigraph.springernature.com/ontologies/product-market-codes/I18030 615 0$aArtificial intelligence. 615 0$aApplication software. 615 0$aInformation storage and retrieval. 615 0$aDatabase management. 615 0$aComputer communication systems. 615 0$aData mining. 615 14$aArtificial Intelligence. 615 24$aInformation Systems Applications (incl. Internet). 615 24$aInformation Storage and Retrieval. 615 24$aDatabase Management. 615 24$aComputer Communication Networks. 615 24$aData Mining and Knowledge Discovery. 676 $a006.3 702 $aCao$b Longbing$4edt$4http://id.loc.gov/vocabulary/relators/edt 702 $aBazzan$b Ana L.C$4edt$4http://id.loc.gov/vocabulary/relators/edt 702 $aSymeonidis$b Andreas L$4edt$4http://id.loc.gov/vocabulary/relators/edt 702 $aGorodetsky$b Vladimir$4edt$4http://id.loc.gov/vocabulary/relators/edt 702 $aWeiss$b Gerhard$4edt$4http://id.loc.gov/vocabulary/relators/edt 702 $aYu$b Philip S$4edt$4http://id.loc.gov/vocabulary/relators/edt 906 $aBOOK 912 $a996465984503316 996 $aAgents and Data Mining Interaction$92829961 997 $aUNISA LEADER 01173nam a2200313 i 4500 001 991001154249707536 005 20020507184232.0 008 990629s1995 uk ||| | eng 020 $a0077092392 035 $ab10808255-39ule_inst 035 $aLE01307877$9ExL 040 $aDip.to Matematica$beng 082 0 $a511.6 084 $aAMS 68R05 100 1 $aReeves, Colin R.$0536165 245 10$aModern heuristic techniques for combinatorial problems /$cedited by Colin R. Reeves 260 $aLondon :$bMcGraw-Hill,$cc1995 300 $axiii, 320 p. :$bill. ;$c24 cm. 490 0 $aAdvanced topics in computer science series 500 $aIncludes bibliographical references and index. 500 $aMathematical programming 650 4$aCombinatorial optimization 650 4$aProgramming (Mathematics) 907 $a.b10808255$b23-02-17$c28-06-02 912 $a991001154249707536 945 $aLE013 68R REE11 (1995)$g1$i2013000116754$lle013$o-$pE0.00$q-$rl$s- $t0$u2$v0$w2$x0$y.i1091335x$z28-06-02 996 $aModern heuristic techniques for combinatorial problems$9925644 997 $aUNISALENTO 998 $ale013$b01-01-99$cm$da $e-$feng$guk $h0$i1